Daňové zaťaženie podnikov cestovného ruchu v porovnaní s vybranými krajinami diplomová práca

Saved in:
Bibliographic Details
Main Author: Ivanová, Zuzana
Corporate Author: Obchodná fakulta EU. Katedra služieb a cestovného ruchu - zrušené
Other Authors: Pachingerová, Mária
Format: Book
Language:Slovak
Published: Bratislava 2009
Tags: Add Tag
No Tags, Be the first to tag this record!

MARC

LEADER 00000nam$a2200000$$$4500
001 0099360
005 20240318140112.3
041 0 |a slo 
044 |a SK 
245 1 0 |a Daňové zaťaženie podnikov cestovného ruchu v porovnaní s vybranými krajinami  |b diplomová práca  |c Zuzana Ivanová ; škol. Mária Pachingerová 
264 1 |a Bratislava  |c 2009 
300 |a 90 s. 
100 1 |a Ivanová, Zuzana 
700 1 |a Pachingerová, Mária 
710 2 |a Obchodná fakulta EU. Katedra služieb a cestovného ruchu - zrušené